| 000 | 00360nam a22001337a 4500 | ||
|---|---|---|---|
| 003 | OSt | ||
| 005 | 20160727222342.0 | ||
| 008 | 160620b xxu||||| |||| 00| 0 eng d | ||
| 040 | _cTest | ||
| 100 |
_9122 _aCreative _cJoseph and the Dreams: Bible Story |
||
| 245 |
_aJoseph and the Dreams _bBible Story |
||
| 300 | _aJoseph and the Dreams: Bible Story | ||
| 942 |
_2ddc _cBK |
||
| 999 |
_c97 _d97 |
||